Content management for dynamic web delivery
Successfully manage Web content to achieve a competitive edge
Saved in:
| Main Author: | |
|---|---|
| Format: | Book |
| Language: | Undetermined |
| Published: |
New York
John Wiley & Sons
2002
|
| Subjects: | |
| Tags: |
Add Tag
No Tags, Be the first to tag this record!
|
| Institutions: | Trung tâm Học liệu Trường Đại học Cần Thơ |
|---|
| LEADER | 00683nam a2200217Ia 4500 | ||
|---|---|---|---|
| 001 | CTU_175222 | ||
| 008 | 210402s9999 xx 000 0 und d | ||
| 020 | |c 1515570 | ||
| 082 | |a 005.276 | ||
| 082 | |b H118 | ||
| 100 | |a Hackos, JoAnn T. | ||
| 245 | 0 | |a Content management for dynamic web delivery | |
| 245 | 0 | |c JoAnn T. Hackos | |
| 260 | |a New York | ||
| 260 | |b John Wiley & Sons | ||
| 260 | |c 2002 | ||
| 520 | |a Successfully manage Web content to achieve a competitive edge | ||
| 650 | |a Web site development,Web sites,Phát triển trang web,Trang web | ||
| 650 | |x Design,Thiết kế | ||
| 904 | |i Hải | ||
| 980 | |a Trung tâm Học liệu Trường Đại học Cần Thơ | ||